AH International Schools' Libraries

Stem fun!: (Record no. 49495)

MARC details
000 -LEADER
fixed length control field 00332nam a2200121 4500
020 ## - INTERNATIONAL STANDARD BOOK NUMBER
International Standard Book Number 9781783126637
100 ## - MAIN ENTRY--PERSONAL NAME
Personal name Dickmann, Nancy
9 (RLIN) 85720
245 ## - TITLE STATEMENT
Title Stem fun!:
Remainder of title engineering /
Statement of responsibility, etc Nancy Dickmann
260 ## - PUBLICATION, DISTRIBUTION, ETC. (IMPRINT)
Place of publication, distribution, etc London
Name of publisher, distributor, etc Welbeck Children's Book
Date of publication, distribution, etc 2021
300 ## - PHYSICAL DESCRIPTION
Extent 160 p.
Other physical details col. ill.
Dimensions 27 cm.
650 ## - SUBJECT ADDED ENTRY--TOPICAL TERM
Topical term or geographic name as entry element Stem
9 (RLIN) 86656
942 ## - ADDED ENTRY ELEMENTS (KOHA)
Source of classification or shelving scheme
Koha item type Book
Holdings
Withdrawn status Lost status Source of classification or shelving scheme Damaged status Not for loan Collection code Home library Current library Shelving location Date acquired Total Checkouts Full call number Barcode Date last seen Price effective from Koha item type
          TEACHERS' RESOURCES Asian Hope Primary Library Asian Hope Primary Library Non Fiction 09/03/2025   680 DIC 209343 09/03/2025 09/03/2025 Book

For any Logos Library related questions please contact Miss Art at swongnarasuk@asianhope.org.

For any Asian Hope Library related questions please contact Miss Raza at graza@asianhope.org.

Click here to explore our ebooks!

Powered by Koha